| 000 | 00472nam a22001457a 4500 | ||
|---|---|---|---|
| 020 | _a978-1-4075-1743-8 | ||
| 082 |
_a823 _bGRA/H |
||
| 100 | _aN.B.GRACE | ||
| 245 |
_aHIGH SCHOOL MUSICAL _bBROADWAY DREAMS |
||
| 260 |
_aUNITED KINGDOM _bPARRAGON _c2008 |
||
| 300 | _a122 | ||
| 520 | _aARE ANY OF THEM READY FOR THE LEVEL OF COMPETITION THEY'LL FACE? AND WILL THEIR FRIENDSHIPS SURVIVE THE CHALLENGES AHEAD? | ||
| 650 |
_aSTORIES FROM EAST HIGH 5 _zUNITED KINGDOM |
||
| 942 | _cBK | ||
| 999 |
_c434 _d434 |
||